| 000 | 00384nam a2200133Ia 4500 | ||
|---|---|---|---|
| 008 | 210430s9999 xx 000 0 und d | ||
| 020 | _a978-969-8535-14-8 | ||
| 082 | _a909.097671 S 124 M | ||
| 100 | _aDr Muhamad Yousaf Sadiqe | ||
| 245 |
_aBungal may Aarabic aur Farse Ketabeat _cDr Muhamad Yousaf Sadiqe |
||
| 260 |
_aIslamabad _bNUST _c2013 |
||
| 300 | _a650 P | ||
| 942 |
_cBK _2ddc |
||
| 999 |
_c565103 _d565103 |
||